Orto-substituované benzoylguanidíny, spôsob ich prípravy, ich použitie ako liečiv a liečiva, ktoré ich obsahujú. C07C 279/22 patentový dokument

Bibliographic Details
Main Author: Albus, Udo (Author)
Format: Book
Language:Slovak
Published: Banská Bystrica Úrad priemyselného vlastníctva SR 2004
Edition:[1.vyd.]
Subjects:

MARC

LEADER 00000nam a2200000 a 4500
001 vtls001475770
003 SK-MaSNL
005 20260302073548.0
008 240318s2004 xo 0 slo
035 |a SNK000431071 
040 |a SNK  |b slo  |c SNK  |e AACR2 
041 0 |a slo 
044 |a xo  |c SK 
100 1 |a Albus, Udo  |4 aut  |9 688131 
245 1 0 |a Orto-substituované benzoylguanidíny, spôsob ich prípravy, ich použitie ako liečiv a liečiva, ktoré ich obsahujú. C07C 279/22  |b patentový dokument 
250 |a [1.vyd.] 
260 |a Banská Bystrica  |b Úrad priemyselného vlastníctva SR  |c 2004 
655 7 |a patentové spisy  |2 SNK  |9 63387 
999 |c 1161334  |d 1163264 
952 |t P60, <03>, [BOOK], {603}  |a SNK  |b SNK  |y PREZ  |7 0  |p 17A0429559  |o snkSK 283934  |i snkPS 196/2004  |0 0  |1 0  |4 0  |d 2004-05-28  |l 0  |r 2005-01-02 00:00:00  |w 2026-02-24